| 000 | 00592nam a2200217Ia 4500 | ||
|---|---|---|---|
| 005 | 20241216010354.0 | ||
| 008 | 180423s9999||||xx |||||||||||||| ||und|| | ||
| 082 |
_a658 _bA45 |
||
| 100 | _aALVARADO MAIRENA, JOSE | ||
| 245 | 0 | _aADMINISTRACION GUBERNAMENTAL | |
| 250 | _a1 | ||
| 260 |
_aLIMA - PERU _bCIAT _c1998 |
||
| 300 |
_a1312 pag _c21 cm |
||
| 341 | _h0 | ||
| 490 |
_v0 _a2 |
||
| 505 | _aSISTEMA NACIONAL DE ABASTECIMIENTOS/SIST.NAC. DE ESTADISTICA | ||
| 541 |
_aD _bCONTROL PATRIMONIAL UNDAC _d29-Aug-02 |
||
| 650 | _aCIENCIAS APLICADAS | ||
| 856 | _zReferencia | ||
| 942 | _cLIBRO | ||
| 999 |
_c12711 _d12711 |
||